A guide for evaluation of technical and vocational education curricula / (Record no. 135703)

MARC details
000 -CABECERA
campo de control de longitud fija 00852nam a2200241 a 4500
005 - FECHA Y HORA DE LA ÚLTIMA TRANSACCIÓN
campo de control 20240924065837.0
008 - ELEMENTOS DE LONGITUD FIJA--INFORMACIÓN GENERAL
campo de control de longitud fija 081014s1995 mx r 000 0 spa d
035 ## - NÚMERO DE CONTROL DEL SISTEMA
Número de control de sistema UPN01000163590
049 ## - COLECCIÓN
Colección UNE
080 ## - NÚMERO DE CLASIFICACIÓN DECIMAL UNIVERSAL
Número de la Clasificación Decimal Universal 377 (100)=20 "1995" KEN No.3
100 1# - ASIENTO PRINCIPAL--NOMBRE PERSONAL
Nombre de persona Kenneke, Larry
245 10 - MENCIÓN DE TÍTULO
Título A guide for evaluation of technical and vocational education curricula /
Mención de responsabilidad, etc. Larry Kenneke.
260 ## - PUBLICACIÓN, DISTRIBUCIÓN, ETC.
Lugar de publicación, distribución, etc. Paris :
Nombre del editor, distribuidor, etc. UNESCO;
Lugar de publicación, distribución, etc. TURIN :
Nombre del editor, distribuidor, etc. ILO,
Fecha de publicación, distribución, etc. 1995.
300 ## - DESCRIPCIÓN FÍSICA
Extensión 142 p. ;
Otras características físicas lamns.
440 #0 - MENCIÓN DE SERIE/ASIENTO SECUNDARIO--TÍTULO
Título UNEVOC. Studies in technical and vocational education ;
Designación de volumen o secuencia 3.
500 ## - NOTA GENERAL
Nota general Incluye bibliografía
690 ## - PUNTO DE ACCESO ADICIONAL DE MATERIA LOCAL--TÉRMINO DE MATERIA (OCLC, RLIN)
Término de materia o nombre geográfico como elemento inicial Enseñanza técnica
9 (RLIN) 9074
690 ## - PUNTO DE ACCESO ADICIONAL DE MATERIA LOCAL--TÉRMINO DE MATERIA (OCLC, RLIN)
Término de materia o nombre geográfico como elemento inicial Curriculo de escuelas profesionales
710 2# - ASIENTO SECUNDARIO - NOMBRE CORPORATIVO
Nombre de entidad corporativa o nombre de jurisdicción como elemento de entrada UNEVOC. International Project on Technical and Vocational Education
710 2# - ASIENTO SECUNDARIO - NOMBRE CORPORATIVO
Nombre de entidad corporativa o nombre de jurisdicción como elemento de entrada UNESCO
710 2# - ASIENTO SECUNDARIO - NOMBRE CORPORATIVO
Nombre de entidad corporativa o nombre de jurisdicción como elemento de entrada OIT. Oficina Internacional del Trabajo
905 ## - TIPO DE MATERIAL
Tipo de material UNESCO
Holdings
Estado de retiro Estado de pérdida Fuente del sistema de clasificación o colocación Estado dañado No para préstamo Código de colección Localización permanente Ubicación/localización actual Ubicación en estantería Fecha de adquisición Clasificación Código de barras Fecha visto por última vez Número de copia Tipo de ítem Koha
    Library of Congress Classification   Disponible (Préstamo en sala) UNESCO Bib. Gregorio Torres Quintero Bib. Gregorio Torres Quintero Colecciones especiales Planta alta 03/02/2023 377 (100) =20 "1995" KEN No. 3 U8674 31/12/2020 1 Libro